| 000 | 00340nam a2200145Ia 4500 | ||
|---|---|---|---|
| 008 | 230917s9999||||xx |||||||||||||| ||und|| | ||
| 040 |
_e118100 _aMAIN |
||
| 041 | _aEnglish | ||
| 082 | _a589.9 D851I | ||
| 100 | _aDube, H C | ||
| 245 | 3 | _aAn introduction to: Fungi | |
| 260 |
_aNew Delhi _bVikas _c1983 |
||
| 300 | _a616p. p. | ||
| 942 | _cBK | ||
| 999 |
_c47715 _d47715 |
||